| 000 | 00818 am a22002655a 4500 | ||
|---|---|---|---|
| 001 | 012006990 | ||
| 005 | 20201124142300.0 | ||
| 008 | 950619t1995 xxu frb 001 0 eng d | ||
| 020 | _a0803957661 (hbk) | ||
| 020 | _a080395767X (pbk) | ||
| 035 | _a(UkCU)c899273258 | ||
| 040 |
_aUkCU _dUk |
||
| 082 | 0 | 4 |
_222 _a370.78 _bSTA |
| 100 | 1 |
_aStake, Robert E. _934826 |
|
| 245 | 1 | 4 |
_aThe art of case study research / _cRobert E. Stake. |
| 260 |
_aThousand Oaks, United States : _bSage Publications, _cc.1995. |
||
| 300 |
_axv, 173 p. : _bforms, tables ; _c24 cm. |
||
| 500 | _aIndex : p. 169-173. | ||
| 504 | _aBibliography : p. 161-167. | ||
| 504 | _aInclude bibliographical reference. | ||
| 650 | 0 |
_aCase method _934827 |
|
| 653 |
_cJanuary2014 _bBus |
||
| 655 |
_vreading book _934232 |
||
| 942 |
_2ddc _k370.78 STA |
||
| 999 |
_c17916 _d17888 |
||